000 00208 a2200109 4500
020 _a9781632456748
041 _aspa
100 _aPerera, Hilda
245 _aLa pata pita vuelve
942 _cBK
952 _71
999 _c20519
_d20519